Un hispanoamericano en el Congo / (Record no. 39852)

MARC details
000 -LEADER
campo de control de longitud fija 00677nam a2200193 i 4500
001 - NÚMERO DE CONTROL
campo de control 39852
003 - IDENTIFICADOR DE NÚMERO DE CONTROL
campo de control ES-MaACL
005 - FECHA Y HORA DE LA ÚLTIMA TRANSACCIÓN
campo de control 20230906160107.0
007 - CAMPO FIJO DE DESCRIPCIÓN FÍSICA--INFORMACIÓN GENERAL
campo de control de longitud fija t|
008 - DATOS DE LONGITUD FIJA--INFORMACIÓN GENERAL
campo de control de longitud fija 030304s1965 sp a |||| | spa d
080 ## - NÚMERO DE LA CLASIFICACIÓN DECIMAL UNIVERSAL
Número de la Clasificación Decimal Universal 967.5
100 1# - ENTRADA PRINCIPAL--NOMBRE DE PERSONA
Nombre de persona Canto Hernández, Rosendo.
9 (RLIN) 34675
245 13 - MENCIÓN DEL TÍTULO
Título Un hispanoamericano en el Congo /
Mención de responsabilidad, etc. Rosendo Canto Hernández.
260 ## - PUBLICACIÓN, DISTRIBUCIÓN, ETC.
Lugar de publicación, distribución, etc. [Madrid :
Nombre del editor, distribuidor, etc. s.n.],
Fecha de publicación, distribución, etc. 1965.
300 ## - DESCRIPCIÓN FÍSICA
Extensión 43 p. :
Otras características físicas il. ;
Dimensiones 21 cm.
594 ## - Nota al título y mención de responsabilidad
Nota al título y mención de responsabilidad En verso de port.: "Conferencia pronunciada en el Colegio Mayor Universitario "Ximenez de Cisneros", el día 19 de febrero de 1965"
651 #4 - PUNTO DE ACCESO ADICIONAL DE MATERIA--NOMBRE GEOGRÁFICO
Nombre geográfico Congo (República Democrática)-
Subdivisión general Historia.
9 (RLIN) 166738
852 ## - LOCALIZACIÓN
Ubicación ES-MaACL
Número de control de estantería 2052-F-12
Holdings
Estatus retirado Estado de pérdida Estado de daño No para préstamo Colección Biblioteca de origen Biblioteca actual Ubicación en estantería Fecha de adquisición Fuente de adquisición Total de préstamos Signatura topográfica completa Código de barras Visto por última vez Precio de reemplazo Tipo de ítem Koha
        Colección de folletos Biblioteca del Ateneo de Madrid Biblioteca del Ateneo de Madrid Depósito folletos 17/01/2008     2052-F-12 1041964 23/02/2023 23/02/2023 Folleto